[Event "Bohemians"]
[Site "Prague"]
[Date "1985.??.??"]
[Round "?"]
[White "Mozny, Milos"]
[Black "Mokry, Karel"]
[Result "1/2-1/2"]
[WhiteElo "2400"]
[BlackElo "2490"]

1.d4 Nf6 2.Nf3 d5 3.c4 dxc4 4.Nc3 c6 5.a4 Bf5 6.e3 e6 7.Bxc4 Bb4 8.O-O Nbd7
9.Qe2 O-O 10.e4 Bg6 11.Bd3 Bh5 12.Bf4 Qe7 13.e5 Nd5 14.Nxd5 cxd5 15.Rfc1 Nb8
16.Qe3 Bxf3 17.Qxf3 Nc6 18.Qg4 Rfc8 19.Bg5 Qf8 20.Rc2 g6 21.Bf6 Be7 22.Qf4 Bxf6  1/2-1/2

[Event "Reykjavik"]
[Site "Reykjavik"]
[Date "1985.??.??"]
[Round "6"]
[White "Petursson, Margeir"]
[Black "Hansen, Curt"]
[Result "1-0"]
[WhiteElo "2535"]
[BlackElo "2505"]

1.d4 d5 2.c4 c6 3.Nf3 Nf6 4.Nc3 dxc4 5.a4 Bf5 6.Ne5 e6 7.f3 Bb4 8.Nxc4 O-O
9.Bg5 h6 10.Bh4 c5 11.dxc5 Qxd1+ 12.Rxd1 Bc2 13.Rc1 Bxa4 14.Bxf6 gxf6 15.Ra1 Bc6
16.Nb6 Nd7 17.Nxa8 Rxa8 18.Kd2 a5 19.Kc2 a4 20.e4 Ra5 21.Be2 Rxc5 22.Rac1 a3
23.Kb3 axb2 24.Kxb2 Rg5 25.g3 f5 26.Rhd1 Rh5 27.h4 f4 28.Na2 Ba5 29.Rxc6 bxc6
30.g4 Rxh4 31.Rxd7 Rh2 32.Nc1 Bb6 33.Rd2 Be3 34.Rc2 Kg7 35.Nb3 Kf6 36.Kc3 Kg5
37.Kd3 Kh4 38.e5 Kg3 39.Nd2 Bxd2 40.Rxd2 h5 41.gxh5 Rxh5 42.Ke4 Rh1 43.Rd1 Rh2
44.Bd3 Ra2 45.Rg1+ Kf2 46.Rc1 Kg3 47.Rxc6 Ra1 48.Rc7 Ra4+ 49.Bc4 Rb4 50.Kd4 Kxf3
51.Rxf7  1-0

[Event "SWE-ch"]
[Site "Uppsala"]
[Date "1985.??.??"]
[Round "?"]
[White "Hammar, Bengt"]
[Black "Hector, Jonny"]
[Result "1/2-1/2"]
[WhiteElo "2355"]
[BlackElo "2295"]

1.d4 d5 2.Nf3 Nf6 3.c4 c6 4.Nc3 dxc4 5.a4 Bf5 6.e3 e6 7.Bxc4 Bb4 8.O-O Nbd7
9.Qe2 Bg6 10.e4 O-O 11.Bd3 Bh5 12.e5 Nd5 13.Ne4 c5 14.Ng3 Bxf3 15.Qxf3 Qh4
16.Ne4 cxd4 17.Bg5 Nxe5 18.Bxh4 Nxf3+ 19.gxf3 h6 20.Bg3 f5 21.Bd6 Rfc8 22.Be5 fxe4
23.fxe4 Ne7 24.Rac1 Nc6 25.Bg3 e5 26.Bc4+ Kh8 27.Bd5 Bd6 28.f4 exf4 29.Bxf4 Bxf4
30.Rxf4 Ne5 31.Rd1 Rc2 32.b3 Rac8 33.Rxd4 Ra2 34.Rf2 Rcc2 35.Rf8+ Kh7 36.Bg8+ Kg6
37.Rd6+ Kh5 38.Rd5 Rg2+ 39.Kf1 Rg5 40.Rf5 Ng4 41.Rxg5+ hxg5 42.Rd7 Nxh2+
43.Ke1 Kh6 44.e5 Nf3+ 45.Kf1 g4 46.Bd5 Nxe5 47.Rxb7 Rd2 48.Be4 g3 49.Rxa7 Ng4
50.a5 Ne3+ 51.Ke1 Rb2 52.Ra6+ Kg5 53.Rg6+ Kf4 54.Bb7 g2 55.a6 Rb1+ 56.Ke2 g1=Q
57.Rxg1 Rxg1 58.a7 Ra1  1/2-1/2

[Event "Hoogovens-B"]
[Site "Wijk aan Zee"]
[Date "1985.??.??"]
[Round "4"]
[White "Van der Sterren, Paul"]
[Black "Bohm, Hans"]
[Result "1-0"]
[WhiteElo "2450"]
[BlackElo "2435"]

1.d4 d5 2.c4 c6 3.Nf3 Nf6 4.Nc3 dxc4 5.a4 Bf5 6.Ne5 e6 7.f3 Nbd7 8.e4 Bg6
9.Nxc4 Nb6 10.Be3 Bb4 11.Ne5 a5 12.Be2 Nfd7 13.Nd3 f5 14.O-O Qe7 15.Qb3 O-O
16.Nxb4 axb4 17.exf5 Bf7 18.f6 gxf6 19.Ne4 e5 20.Qd1 f5 21.Nf2 Nd5 22.Bh6 Rfe8
23.Bc4 Qh4 24.Bxd5 Bxd5 25.Be3 f4 26.Bd2 exd4 27.Bxb4 c5 28.Bxc5 Nxc5 29.Qxd4 Bxf3
30.gxf3 Ne6 31.Qe5 Ng5 32.Qd5+ Kh8 33.Qd4+ Kg8 34.Qd5+ Kh8 35.Qd4+ Kg8 36.Ng4 Rad8
37.Qc4+ Re6 38.Rae1 Re8 39.Kh1 Kg7 40.Qd4+ Kg6 41.Rxe6+ Rxe6 42.Qxf4 Qh3
43.Rg1 h6 44.b4 Kh5 45.Nf6+ Kg6 46.Ne4 Qf5 47.Nxg5 hxg5 48.Qxf5+ Kxf5 49.Rg4 Re2
50.a5 Rf2 51.h4 gxh4 52.Rxh4 Rb2 53.Re4 Kf6 54.Kg1 Kg5 55.Kf1 Kf6 56.Ke1 Kf5
57.Kd1 Kf6 58.Kc1 Rb3 59.f4 Kf5 60.Kc2 Rh3 61.Re7 b6 62.axb6  1-0

[Event "OHRA"]
[Site "Amsterdam"]
[Date "1986.??.??"]
[Round "?"]
[White "Vaganian, Rafael A"]
[Black "Ljubojevic, Ljubomir"]
[Result "1/2-1/2"]
[WhiteElo "2600"]
[BlackElo "2600"]

1.Nf3 d5 2.d4 Nf6 3.c4 c6 4.Nc3 dxc4 5.a4 Bf5 6.e3 e6 7.Bxc4 Bb4 8.O-O Nbd7
9.Qe2 Bg6 10.e4 Bxc3 11.bxc3 Nxe4 12.Ba3 Nb6 13.Bb3 Qc7 14.Rfc1 Nd7 15.Qe3 O-O-O
16.a5 a6 17.Ra2 Rhe8 18.Bc2 e5 19.Bxe4 exd4 20.cxd4 Bxe4 21.Rb2 Qxa5 22.Nd2 Nf6
23.Bc5 Nd5 24.Qh3+ Kb8 25.Nc4 Qc7 26.Qa3 Re6 27.f3 Bg6 28.Qxa6 Bd3 29.Ra1 Kc8
30.Nb6+ Nxb6 31.Qxd3 Nd5 32.Qxh7 b6 33.Qd3 Kd7 34.Rab1 Rde8 35.Bxb6 Re1+
36.Rxe1 Rxe1+ 37.Kf2 Qf4 38.g3 Re3 39.gxf4 Rxd3 40.Bc5 Nxf4 41.Rb7+ Ke6 42.Re7+ Kf6  1/2-1/2

[Event "Baku"]
[Site "Baku"]
[Date "1986.??.??"]
[Round "?"]
[White "Magerramov, Elmar"]
[Black "Damljanovic, Branko"]
[Result "1-0"]
[WhiteElo "2445"]
[BlackElo "2420"]

1.d4 d5 2.c4 dxc4 3.Nf3 Nf6 4.Nc3 c6 5.a4 Bf5 6.e3 e6 7.Bxc4 Bb4 8.O-O Nbd7
9.Qe2 Bg6 10.e4 Bxc3 11.bxc3 Nxe4 12.Ba3 Qc7 13.Rfc1 O-O-O 14.a5 Nd6 15.Bb3 Rhe8
16.Nh4 e5 17.Qf3 Nb5 18.Nxg6 hxg6 19.Bb2 Nd6 20.a6 b6 21.Ba3 e4 22.Qg3 Nf6
23.Bxd6 Qxd6 24.Qxd6 Rxd6 25.Bxf7 Re7 26.Bxg6 Kc7 27.g3 Nd5 28.Bh5 Rh6 29.Be2 g5
30.Bf1 g4 31.Bg2 e3 32.Re1 exf2+ 33.Kxf2 Rxe1 34.Rxe1 Rxh2 35.c4 Nf6 36.Re6 Nd7
37.Rxc6+ Kd8 38.Rg6 Rh5 39.Bc6 Nf8 40.Rxg4 Ra5 41.Bb5 Ne6 42.d5 Nc7 43.Rg8+ Ke7
44.Rg7+  1-0

[Event "Baku"]
[Site "Baku"]
[Date "1986.??.??"]
[Round "?"]
[White "Magerramov, Elmar"]
[Black "Bagirov, Vladimir"]
[Result "1/2-1/2"]
[WhiteElo "2445"]
[BlackElo "2485"]

1.d4 d5 2.c4 c6 3.Nf3 Nf6 4.Nc3 dxc4 5.a4 Bf5 6.e3 e6 7.Bxc4 Bb4 8.O-O Nbd7
9.Qe2 Bg6 10.e4 O-O 11.Bd3 Re8 12.Bf4 Bh5 13.e5 Nd5 14.Nxd5 cxd5 15.h3 a6
16.g4 Bg6 17.h4 Rc8 18.Rfc1 Nf8 19.h5 Bxd3 20.Qxd3 Qd7 21.h6 Ng6 22.Bg5 gxh6
23.Bxh6 Rxc1+ 24.Rxc1 Rc8 25.Ra1 Bf8 26.Bd2 Bg7 27.Bg5 Qc7 28.Ra3 Bf8 29.Rb3 Qd7
30.Rb6 Rc6 31.Rxc6 Qxc6 32.b3 Qc7 33.Qd2 Qc8 34.Kg2 Qc6 35.Kg3 Qc7 36.Bf6 Ba3
37.Qh6  1/2-1/2

[Event "Calcutta"]
[Site "Calcutta"]
[Date "1986.??.??"]
[Round "?"]
[White "Agzamov, Georgy"]
[Black "Ravikumar, Vaidyanathan"]
[Result "1-0"]
[WhiteElo "2545"]
[BlackElo "2370"]

1.d4 d5 2.c4 dxc4 3.Nf3 Nf6 4.Nc3 c6 5.a4 Bf5 6.e3 e6 7.Bxc4 Be7 8.O-O O-O
9.Qe2 a5 10.e4 Bg4 11.Rd1 Nbd7 12.Bf4 Nb6 13.Bb3 Bh5 14.h3 Re8 15.g4 Bg6
16.Ne5 Nfd7 17.Nd3 Kh8 18.Qe3 Nc8 19.Rd2 Qb6 20.Ba2 Bf6 21.Ne2 Qa7 22.Rc1 Ncb6
23.Bb3 e5 24.dxe5 Bxe5 25.Bxe5 Nxe5 26.Nxe5 Rxe5 27.Ng3 f6 28.f4 Re7 29.Rcd1 h6
30.Rd8+ Rxd8 31.Rxd8+ Re8 32.Rxe8+ Bxe8 33.Nf5 Bd7 34.Nd6 h5 35.gxh5 Qa6
36.f5 c5 37.h6 c4 38.Qg3 g5 39.fxg6 Be6 40.Nf7+  1-0

[Event "Elenite op"]
[Site "Elenite"]
[Date "1986.??.??"]
[Round "?"]
[White "Semkov, Semko"]
[Black "Velikov, Petar"]
[Result "1/2-1/2"]
[WhiteElo "2410"]
[BlackElo "2435"]

1.d4 d5 2.c4 c6 3.Nc3 Nf6 4.Nf3 dxc4 5.a4 Bf5 6.Ne5 e6 7.f3 Bb4 8.e4 Bxe4
9.fxe4 Nxe4 10.Bd2 Qxd4 11.Nxe4 Qxe4+ 12.Qe2 Bxd2+ 13.Kxd2 Qd4+ 14.Kc2 Na6
15.Nxc4 Nb4+ 16.Kb3 Nd5 17.Qe5 Qxe5 18.Nxe5 Ke7 19.Be2 Rhd8 20.Bf3  1/2-1/2

[Event "Troll Masters"]
[Site "Gausdal"]
[Date "1986.??.??"]
[Round "?"]
[White "Ostenstad, Berge"]
[Black "Donaldson, John W"]
[Result "1/2-1/2"]
[WhiteElo "2370"]
[BlackElo "2420"]

1.d4 d5 2.c4 c6 3.Nf3 Nf6 4.Nc3 dxc4 5.a4 Bf5 6.e3 e6 7.Bxc4 Bb4 8.O-O O-O
9.Qe2 Nbd7 10.e4 Bg6 11.e5 Nd5 12.Nxd5 cxd5 13.Bd3 Be7 14.Bxg6 fxg6 15.Be3 Nb8
16.Ne1 Nc6 17.Nd3 Qd7 18.b3 Rac8 19.Rfc1 Rc7 20.Qg4 Rfc8  1/2-1/2

[Event "Wch U20"]
[Site "Gausdal"]
[Date "1986.??.??"]
[Round "4"]
[White "Gil Capape, Javier"]
[Black "Litvinchuk, John"]
[Result "1-0"]
[WhiteElo "2300"]
[BlackElo "2285"]

1.d4 d5 2.c4 c6 3.Nf3 Nf6 4.Nc3 dxc4 5.a4 Bf5 6.e3 e6 7.Bxc4 Bb4 8.O-O O-O
9.Qe2 Nbd7 10.e4 Bg4 11.Rd1 Qe7 12.h3 Bxf3 13.Qxf3 e5 14.d5 Rfd8 15.dxc6 bxc6
16.Na2 Bc5 17.b4 Bd4 18.Rb1 h6 19.Ba3 Ne8 20.b5 c5 21.a5 Rab8 22.Nc3 Nd6
23.Bf1 Rf8 24.Na4 f5 25.Rxd4 exd4 26.Nxc5 fxe4 27.Qb3+ Kh8 28.Nxe4 Qxe4 29.Bxd6 Rfe8
30.Bxb8 Rxb8 31.Bd3 Qe5 32.Qf7 Nc5 33.Bf5 Qd6 34.Re1 Qd8 35.Qxa7 d3 36.Qxc5  1-0

[Event "Wch U20"]
[Site "Gausdal"]
[Date "1986.??.??"]
[Round "5"]
[White "Nikolic, Nebojsa"]
[Black "Horvath, Csaba"]
[Result "1-0"]
[WhiteElo "2320"]
[BlackElo "2360"]

1.Nf3 d5 2.d4 Nf6 3.c4 c6 4.Nc3 dxc4 5.a4 Bf5 6.e3 e6 7.Bxc4 Bb4 8.O-O O-O
9.Nh4 Bg4 10.f3 Bh5 11.g4 Bg6 12.Ng2 Nbd7 13.e4 Qa5 14.Na2 Nb6 15.Bb3 Rad8
16.Nxb4 Qxb4 17.a5 Rxd4 18.Qc2 Nxe4 19.fxe4 Bxe4 20.Qc3 Nd5 21.Qxb4 Rxb4
22.Ra4 Rxb3 23.Rxe4 Nf6 24.Rc4 Rd8 25.g5 Nd5 26.a6 Nc7 27.axb7 Rxb7 28.Rf3 Rd1+
29.Kf2 Rb5 30.Ne3 Rh1 31.Nf1  1-0

[Event "Wch U20"]
[Site "Gausdal"]
[Date "1986.??.??"]
[Round "6"]
[White "Agdestein, Simen"]
[Black "Horvath, Csaba"]
[Result "0-1"]
[WhiteElo "2545"]
[BlackElo "2360"]

1.d4 d5 2.c4 c6 3.Nc3 Nf6 4.Nf3 dxc4 5.a4 Bf5 6.e3 e6 7.Bxc4 Bb4 8.O-O O-O
9.Qe2 Nbd7 10.e4 Bg6 11.Bd3 Bh5 12.Bf4 Re8 13.e5 Nd5 14.Nxd5 cxd5 15.Rfc1 a6
16.Qe3 Qb6 17.Nd2 Bg6 18.Be2 Be7 19.Nb3 Rac8 20.a5 Qb4 21.Bd1 Rc4 22.Qe2 Rec8
23.Rc3 Nb8 24.Rg3 Nc6 25.Bd2 Qb5 26.Bc3 Bb4 27.h4 h5 28.Qd2 Ne7 29.Rf3 Nf5
30.g3 Nh6 31.Rc1 Bxc3 32.bxc3 Ra4 33.Nc5 Rxa5 34.c4 dxc4 35.Nxb7 Qxb7 36.Qxa5 Be4
37.Rfc3 Nf5 38.Bxh5 Nxd4 39.Qa3 Qd5 40.Qe7 g6 41.Bg4 Bf3 42.Bxf3 Nxf3+ 43.Kf1 Nxe5
44.Qg5 Rb8 45.Qf4 Rb4 46.h5 Nd3 47.Qh4 g5  0-1

[Event "Wch U20"]
[Site "Gausdal"]
[Date "1986.??.??"]
[Round "10"]
[White "Staniszewski, Piotr"]
[Black "Horvath, Csaba"]
[Result "1/2-1/2"]
[WhiteElo "2420"]
[BlackElo "2360"]

1.d4 d5 2.c4 c6 3.Nf3 Nf6 4.Nc3 dxc4 5.a4 Bf5 6.Ne5 e6 7.f3 Bb4 8.Bg5 c5
9.dxc5 Qd5 10.Qxd5 Nxd5 11.Bd2 Nxc3 12.c6 Nxc6 13.Nxc6 bxc6 14.bxc3 Bc5 15.e4 Bg6
16.Bxc4 Ke7 17.Ke2 f6 18.a5 e5 19.Rab1 Rab8 20.Rhd1 Bf7 21.Bxf7 Kxf7 22.Be3 Bxe3
23.Kxe3 Ke7 24.a6 Rb6 25.Rxb6 axb6 26.Rb1 b5 27.c4 Ra8 28.cxb5 cxb5 29.Rxb5 Rxa6
30.Rb7+  1/2-1/2

[Event "Wch U20"]
[Site "Gausdal"]
[Date "1986.??.??"]
[Round "13"]
[White "Villamayor, Bong"]
[Black "Nikolic, Nebojsa"]
[Result "1/2-1/2"]
[WhiteElo "2205"]
[BlackElo "2320"]

1.Nf3 d5 2.d4 Nf6 3.c4 dxc4 4.Nc3 c6 5.a4 Bf5 6.e3 e6 7.Bxc4 Bb4 8.O-O O-O
9.Re1 Nbd7 10.Qb3 Qb6 11.Bd2 Bg6 12.Ne4 Be7 13.Nxf6+ Bxf6 14.Qxb6 Nxb6 15.Bb3 Nd7
16.Bc3 Be4 17.Nd2 Bd5 18.Red1 Rac8 19.e4 Bxb3 20.Nxb3 Rfd8 21.Na5 Rc7 22.Nc4 Ra8
23.Kf1 Re8 24.f3 Nb8 25.Rd2 Rd7 26.Rad1 Na6 27.Ke2 Red8 28.Ne3 Bg5 29.Rd3 Bf4
30.h3 Kf8 31.Nc4 Bc7 32.b4 Nb8 33.b5 a6 34.b6 Bf4 35.Bb4+ Kg8 36.Bc5 g6 37.Kf2 f6
38.g3 Bh6 39.f4 Bf8 40.Ke2 h5 41.Na5 Rh7 42.Nb3 Nd7 43.a5 f5 44.Re3 Nf6 45.Bxf8 Rxf8
46.exf5 exf5 47.h4 Nd5 48.Red3 Re8+ 49.Kf3 Rhe7 50.Nc5 Nf6 51.R1d2 Kg7 52.Rb2 Kh6
53.Rdd2 Re3+ 54.Kg2 R8e7 55.Nxa6 bxa6 56.b7 Nd7 57.b8=Q Nxb8 58.Rxb8 Ra3
59.Rdb2 Rxa5 60.Rc8 Ra3 61.Kh2 a5 62.Rxc6 Ree3 63.Rc7 Rab3 64.Rxb3 Rxb3  1/2-1/2

[Event "ISL-ch"]
[Site "Grundarfjordur"]
[Date "1986.??.??"]
[Round "1"]
[White "Hjartarson, Johann"]
[Black "Petursson, Margeir"]
[Result "0-1"]
[WhiteElo "2505"]
[BlackElo "2520"]

1.d4 d5 2.c4 c6 3.Nf3 Nf6 4.Nc3 dxc4 5.a4 Bf5 6.e3 e6 7.Bxc4 Bb4 8.O-O O-O
9.Qb3 Qe7 10.Nh4 Bg4 11.f3 Bh5 12.g4 Bg6 13.Nxg6 hxg6 14.e4 Nbd7 15.g5 Nh5
16.f4 c5 17.Na2 Ba5 18.Qa3 Qd8 19.dxc5 Nxc5 20.Be3 Nxe4 21.Rad1 Qc7 22.Bd3 Nd6
23.Rc1 Qb8 24.Nc3 Nf5 25.Bxf5 gxf5 26.Nb5 a6 27.Nd4 Bb6 28.Qb4 Ba7 29.Rc3 g6
30.Nb3 Bxe3+ 31.Rxe3 Rd8 32.Rc3 Rd5 33.Qe7 Qd6 34.Qxb7 Rb8 35.Rc8+ Rxc8 36.Qxc8+ Kh7
37.Qc4 Rd1 38.Nc5 Rd4 39.Nb7 Qb6 40.Qc5 Qxb2  0-1

[Event "Helsinki"]
[Site "Helsinki"]
[Date "1986.??.??"]
[Round "1"]
[White "Timoshchenko, Gennadi A"]
[Black "Valkesalmi, Kimmo"]
[Result "1/2-1/2"]
[WhiteElo "2475"]
[BlackElo "2405"]

1.d4 Nf6 2.c4 c6 3.Nc3 d5 4.Nf3 dxc4 5.a4 Bf5 6.e3 e6 7.Bxc4 Bb4 8.O-O Nbd7
9.Qe2 Bg6 10.Rd1 O-O 11.Bd3 Bh5 12.h3 Re8 13.g4 Bg6 14.e4 h6 15.Bf4 Nh7 16.Kg2 Ng5
17.Ne5 Nxe5 18.dxe5 Nh7 19.Na2 Be7 20.Bg3 Qa5 21.f4 f6 22.Bc4 Bf7 23.b4 Qc7
24.exf6 Bxf6 25.e5 Be7 26.Qd3 Nf8 27.Qb3 b5 28.Be2 bxa4 29.Qxa4 a5 30.b5  1/2-1/2

[Event "NLD-ch"]
[Site "Hilversum"]
[Date "1986.??.??"]
[Round "4"]
[White "De Boer, Gert Jan"]
[Black "Ree, Hans"]
[Result "0-1"]
[WhiteElo "2430"]
[BlackElo "2455"]

1.d4 d5 2.c4 c6 3.Nf3 Nf6 4.Nc3 dxc4 5.a4 Bf5 6.Ne5 e6 7.f3 Bb4 8.Nxc4 O-O
9.Bg5 h6 10.Bh4 c5 11.dxc5 Qxd1+ 12.Rxd1 Bc2 13.Rc1 Bxa4 14.Ra1 Bb3 15.Nb6 Nd5
16.Nxa8 Nxc3 17.e4 Nc6 18.Kf2 Bxc5+ 19.Ke1 Bb4 20.Kf2 Nd1+ 21.Ke2 Nd4+ 22.Kd3 e5  0-1

[Event "UKR-ch"]
[Site "Kiev"]
[Date "1986.??.??"]
[Round "4"]
[White "Novikov, Igor A"]
[Black "Moskalenko, Viktor"]
[Result "1/2-1/2"]
[WhiteElo "2490"]
[BlackElo "2430"]

1.d4 Nf6 2.c4 c6 3.Nc3 d5 4.Nf3 dxc4 5.a4 Bf5 6.e3 e6 7.Bxc4 Bb4 8.O-O Nbd7
9.Nh4 Bg4 10.f3 Bh5 11.g3 O-O 12.Qb3 a5 13.Na2 Be7 14.Bd2 c5 15.g4 Bg6 16.Nxg6 hxg6
17.Bc3  1/2-1/2

[Event "UKR-ch"]
[Site "Kiev"]
[Date "1986.??.??"]
[Round "13"]
[White "Neverov, Valeriy"]
[Black "Moskalenko, Viktor"]
[Result "0-1"]
[WhiteElo "2465"]
[BlackElo "2430"]

1.d4 Nf6 2.c4 c6 3.Nc3 d5 4.Nf3 dxc4 5.a4 Bf5 6.Ne5 e6 7.f3 Bb4 8.e4 Bxe4
9.fxe4 Nxe4 10.Ra3 Bxa3 11.Nxe4 Bb4+ 12.Kf2 Nd7 13.Bg5 Nf6 14.Nxf6+ gxf6
15.Bh4 Be7 16.Nxf7 Kxf7 17.Bxc4 f5 18.Bxe7 Qxe7 19.Qh5+ Kg7 20.Re1 Rhe8 21.Rxe6 Qd7
22.d5 Rxe6 23.dxe6 Qd4+ 24.Ke1 Qe3+  0-1

[Event "BKL-Turnier"]
[Site "Leipzig"]
[Date "1986.??.??"]
[Round "2"]
[White "Lukacs, Peter"]
[Black "Tischbierek, Raj"]
[Result "1/2-1/2"]
[WhiteElo "2460"]
[BlackElo "2465"]

1.d4 d5 2.c4 c6 3.Nf3 Nf6 4.Nc3 dxc4 5.a4 Bf5 6.e3 e6 7.Bxc4 Bb4 8.O-O Nbd7
9.Qe2 Bg6 10.e4 O-O 11.Bd3 Re8 12.Bf4 Bh5 13.e5 Nd5 14.Nxd5 cxd5 15.h3 a6
16.Rfc1 Nb8 17.g4 Bg6 18.h4 Nc6 19.h5 Bxd3 20.Qxd3 Be7 21.Kg2 Rc8 22.Rc3 Nb4
23.Qd2 Qd7 24.Ng5 Rc4 25.Nf3 Rec8 26.h6 g6 27.Bg5 Bf8 28.Bf6 Qc6 29.Raa3 Qd7  1/2-1/2

[Event "DSV-Turnier"]
[Site "Leipzig"]
[Date "1986.??.??"]
[Round "5"]
[White "Stempin, Pawel"]
[Black "Tischbierek, Raj"]
[Result "0-1"]
[WhiteElo "2420"]
[BlackElo "2425"]

1.d4 d5 2.c4 c6 3.Nc3 Nf6 4.Nf3 dxc4 5.a4 Bf5 6.e3 e6 7.a5 Bd3 8.Bxd3 cxd3
9.Qb3 Qc8 10.O-O Be7 11.e4 h6 12.Ne5 O-O 13.Nxd3 Nbd7 14.Qd1 Rd8 15.e5 Nh7
16.Qg4 Kh8 17.Nf4 Ndf8 18.Nh5 Ng6 19.Be3 Bf8 20.Ne4 Rd5 21.Nf4 Nxf4 22.Qxf4 Qc7
23.a6 Rb5 24.Rfd1 bxa6 25.Rxa6 Rxb2 26.Bc1 Rb1 27.Nd2 Rb6 28.Ra3 Bxa3 29.Bxa3 f5
30.h4 Qd7 31.Bd6 a5 32.Qe3 Qb7 33.Ra1 a4 34.Qd3 Rb2 35.Ba3 Rb5 36.Qc4 Qd7
37.Bd6 Nf6 38.Rxa4 Rxa4 39.Qxa4 Ne8 40.Qa8 Kh7 41.Nc4 Rb1+ 42.Kh2 Rc1 43.Nb6 Qf7
44.Qd8 f4 45.Qe7 Qxe7 46.Bxe7 Rc2 47.f3 Nc7 48.Nd7 Kg8 49.Bc5 Nd5 50.Nb8 Ne3
51.Nxc6 Nxg2 52.Nd8 Nxh4+ 53.Kh3 Nxf3 54.Nxe6 Ng1+ 55.Kg4 f3 56.d5 Rxc5  0-1

[Event "BKL-Turnier"]
[Site "Leipzig"]
[Date "1986.??.??"]
[Round "11"]
[White "Chekhov, Valery A"]
[Black "Tischbierek, Raj"]
[Result "1-0"]
[WhiteElo "2495"]
[BlackElo "2465"]

1.d4 d5 2.c4 c6 3.Nf3 Nf6 4.Nc3 dxc4 5.a4 Bf5 6.Ne5 e6 7.f3 Bb4 8.Bg5 h6
9.Bh4 c5 10.dxc5 Qd5 11.Qxd5 Nxd5 12.O-O-O g5 13.Bf2 Nxc3 14.bxc3 Bxc3 15.Nxc4 Nc6
16.e4 Bg6 17.Kc2 Bg7 18.Be2 O-O 19.Nd6 f5 20.exf5 Bxf5+ 21.Kb3 b6 22.Bb5 Na5+
23.Kb4 a6 24.Nxf5 exf5 25.Bd7 bxc5+ 26.Kxa5 Rfb8 27.Be6+ Kh8 28.Rc1  1-0

[Event "Lisboa"]
[Site "Lisboa"]
[Date "1986.??.??"]
[Round "?"]
[White "De Boer, Gert Jan"]
[Black "Galego, Luis"]
[Result "1/2-1/2"]
[WhiteElo "2430"]
[BlackElo "2330"]

1.d4 d5 2.c4 c6 3.Nf3 Nf6 4.Nc3 dxc4 5.a4 Bf5 6.Ne5 e6 7.f3 Bb4 8.Nxc4 O-O
9.Bg5 h6 10.Bh4 Bh7 11.e4 g5 12.Bf2 Bxe4 13.fxe4 Nxe4 14.Qf3 Nxf2 15.Qxf2 b5
16.axb5 cxb5 17.Ne5 Qc7 18.Rc1 Nc6 19.Nxc6 Qxc6 20.Be2 Rad8 21.O-O Qb6 22.Nxb5 Rd5
23.Nc3 Rxd4 24.Kh1 Rd2 25.Qf3 Be7 26.Bd3 Qd4 27.Rcd1 Rxd1 28.Rxd1 Qg7 29.Bc2 Bf6
30.Ne4 Bxb2 31.Ng3 Rc8 32.Qe4 a5 33.Bb1 Kf8 34.Nh5 Qd4 35.Qe1 Qxd1 36.Qxd1 Rc1
37.Qxc1 Bxc1 38.Kg1 Ke7 39.Kf2 Kd6 40.Ke2 Ke5 41.Kd3 Ba3 42.Ng3 Bc5 43.Bc2 Bg1
44.h3 Bc5 45.Ne4 Bb6 46.Ng3 Bf2 47.Ne4 Be1 48.Ke2 Bb4 49.Kd3 Kf4 50.Ke2 a4
51.g3+ Ke5 52.Nxg5 hxg5 53.Bxa4 Kd4 54.Bb3 Ke5 55.Kf3 f5 56.Bc4 Kf6 57.g4  1/2-1/2

[Event "URS-ch otbor"]
[Site "Minsk"]
[Date "1986.??.??"]
[Round "?"]
[White "Glek, Igor V"]
[Black "Moskalenko, Viktor"]
[Result "1/2-1/2"]
[WhiteElo "2460"]
[BlackElo "2430"]

1.d4 d5 2.c4 c6 3.Nf3 Nf6 4.Nc3 dxc4 5.a4 Bf5 6.e3 e6 7.Bxc4 Bb4 8.O-O Nbd7
9.Qe2 Bg6 10.e4 O-O 11.Bd3 Re8 12.Bf4 Bh5 13.e5 Nd5 14.Nxd5 cxd5 15.h3 a6
16.Rfc1 Nb8 17.g4 Bg6 18.h4 Nc6 19.h5 Bxd3 20.Qxd3 Be7 21.Qe3 Rc8 22.Kg2 Qb6
23.h6 g6 24.Bg5 Bf8 25.Qf4 Rc7 26.Bf6 Rec8 27.Bg7 Be7 28.Bf6 Bf8 29.Bg7 Be7  1/2-1/2

[Event "DDR-ch 35th"]
[Site "Nordhausen"]
[Date "1986.??.??"]
[Round "?"]
[White "Boensch, Uwe"]
[Black "Tischbierek, Raj"]
[Result "1-0"]
[WhiteElo "2475"]
[BlackElo "2465"]

1.d4 d5 2.Nf3 Nf6 3.c4 dxc4 4.Nc3 c6 5.a4 Bf5 6.e3 e6 7.Bxc4 Bb4 8.Qb3 Qb6
9.Bd2 Nbd7 10.Ne4 Bxd2+ 11.Nexd2 Qxb3 12.Nxb3 Ke7 13.a5 Rac8 14.O-O c5 15.Rfc1 Be4
16.Be2 cxd4 17.Nfxd4 e5 18.Nb5 a6 19.Nc3 Bc6 20.f3 Nd5 21.e4 Nxc3 22.Rxc3 Bb5
23.Rxc8 Rxc8 24.Bxb5 axb5 25.Rd1 Rc2 26.Rd5 b4 27.Nd2 Rxb2 28.Nc4 Rc2 29.Nxe5 Nc5
30.a6 b3 31.axb7 Nxb7 32.Rd7+ Ke6 33.Rxb7 b2 34.Nxf7 h6 35.Nd8+ Kf6 36.Rb6+ Ke5
37.Nc6+ Kf4 38.Nd4 Rc1+ 39.Kf2 b1=Q 40.Ne6+ Ke5 41.Rxb1 Rxb1 42.Nxg7 Kf4
43.Nh5+ Kg5 44.Ng3 Rb2+ 45.Ne2 Ra2 46.g3 Ra3 47.h4+ Kf6 48.g4 Ke5 49.Kg3 Ra1
50.g5 h5 51.Nf4 Rg1+ 52.Kh2  1-0

[Event "Philadelphia"]
[Site "Philadelphia"]
[Date "1986.??.??"]
[Round "?"]
[White "Alzate, Dario"]
[Black "Costigan, Richard"]
[Result "1/2-1/2"]
[WhiteElo "2365"]
[BlackElo "2310"]

1.d4 Nf6 2.c4 c6 3.Nc3 d5 4.Nf3 dxc4 5.a4 Bf5 6.e3 e6 7.Bxc4 Bb4 8.Qb3 Qe7
9.Bd2 a5 10.Nh4 Bg4 11.h3 Bh5 12.g4 Bg6 13.Nxg6 hxg6 14.O-O-O Nbd7 15.Be2 O-O-O
16.f4 Kb8 17.Kb1 Qd6 18.Bf3 Nd5 19.Bc1 Qc7 20.Na2 Be7 21.Bd2 g5 22.f5 Rh6
23.Rc1 Rdh8 24.Bg2 Qg3 25.Rhg1 Qc7 26.Rgf1 Qb6 27.Qxb6 N7xb6 28.fxe6 Rxe6
29.Rxf7 Nxa4 30.Re1 Bf6 31.Nc1 Nab6 32.Nd3 Nc4 33.Bc1 Rhe8 34.Nc5 Nd6 35.Nd7+ Kc8
36.Nxf6 gxf6 37.Bxd5 cxd5 38.Rh7 Nc4 39.Rf1 Rb6 40.Rf5 Nxe3 41.Bxe3 Rxe3
42.Rxd5 a4 43.Ra5 Kb8 44.Rxa4 Re1+ 45.Kc2 Re2+ 46.Kd3 Rbxb2 47.Rc4 Re8 48.Kc3 Rb6
49.Rcc7 Rd8 50.Rcd7 Rc6+ 51.Kd3 Rxd7 52.Rxd7 Rc1 53.Rf7 b5 54.Rxf6 Kc7 55.d5 Rd1+
56.Kc3 Kd7 57.Kb4 Ke7 58.Rb6 Rd3 59.Rh6 Rxd5 60.Ka5 Kf7  1/2-1/2

[Event "CSR-ch"]
[Site "Prague"]
[Date "1986.??.??"]
[Round "3"]
[White "Stohl, Igor"]
[Black "Mokry, Karel"]
[Result "1/2-1/2"]
[WhiteElo "2465"]
[BlackElo "2490"]

1.d4 d5 2.c4 c6 3.Nf3 Nf6 4.Nc3 dxc4 5.a4 Bf5 6.Ne5 Nbd7 7.Nxc4 e6 8.f3 Nb6
9.e4 Bg6 10.Be3 Be7 11.Ne5 Nbd7 12.Nxg6 hxg6 13.Be2 Qc7 14.f4 Rd8 15.e5 Nd5
16.Nxd5 cxd5 17.O-O Nb8 18.g4 Rh3 19.Rf3 Rxf3 20.Bxf3 Nc6 21.Qd3 Nb4 22.Qb5+ Qd7
23.Rc1 a6 24.Qxd7+ Kxd7 25.Kg2 Rh8 26.Rc3 Nc6 27.f5 Na5 28.fxg6 fxg6 29.Be2 g5  1/2-1/2

[Event "CSR-ch"]
[Site "Prague"]
[Date "1986.??.??"]
[Round "8"]
[White "Pekarek, Ales"]
[Black "Haba, Petr"]
[Result "1-0"]
[WhiteElo "2440"]
[BlackElo "2325"]

1.d4 d5 2.c4 c6 3.Nf3 Nf6 4.Nc3 dxc4 5.a4 Bf5 6.e3 e6 7.Bxc4 Bb4 8.O-O O-O
9.Qe2 Nbd7 10.e4 Bg6 11.Bd3 Bh5 12.Bf4 Re8 13.e5 Nd5 14.Bd2 Be7 15.Nxd5 cxd5
16.b4 Nb6 17.Rfc1 a6 18.b5 Nc4 19.Bxc4 dxc4 20.Qxc4 Bxf3 21.gxf3 Qd7 22.Be3 Rec8
23.Qb3 g6 24.Kg2 h5 25.bxa6 bxa6 26.Rab1 Kf8 27.Rc4 Rxc4 28.Qxc4 Qc8 29.Qd3 Qc6
30.Qe4 Rc8 31.Rb8 Qc7 32.Bh6+ Ke8 33.Ra8 a5 34.Ra6 Bb4 35.d5 Qb7 36.Rc6 exd5
37.Rxc8+ Qxc8 38.Qxd5 Qd7 39.Qa8+ Qd8 40.Qc6+ Qd7 41.Qa8+ Ke7 42.Bf8+ Ke6
43.Bxb4 axb4 44.Qb8 Qe7 45.f4 Kf5 46.a5 Qc5 47.Qb7 Qxa5 48.Qxf7+ Ke4 49.Qxg6+ Kd4
50.e6 Qd5+ 51.Kg3 Qh1 52.Qxh5 Qg1+ 53.Kh3 Qf1+ 54.Kh4 Qxf2+ 55.Kg5 Ke4 56.Qh7+ Kd5  1-0

[Event "CSR-ch"]
[Site "Prague"]
[Date "1986.??.??"]
[Round "10"]
[White "Plachetka, Jan"]
[Black "Haba, Petr"]
[Result "1/2-1/2"]
[WhiteElo "2430"]
[BlackElo "2325"]

1.Nf3 d5 2.d4 Nf6 3.c4 c6 4.Nc3 dxc4 5.a4 Bf5 6.Ne5 e6 7.g3 Nbd7 8.Nxc4 Nb6
9.Ne3 Bg6 10.a5 Nbd5 11.Bg2 Be7 12.O-O O-O 13.Nc4 Rc8 14.Qb3 b5 15.axb6 axb6
16.Ne5 c5 17.Nxd5 Nxd5 18.e4 Nb4 19.d5 exd5 20.exd5 Bc2 21.Qf3 Bf6 22.Nc6 Nxc6
23.dxc6 Re8 24.Ra7 Qd3 25.Qd5 Qxd5 26.Bxd5 Red8 27.Rd7 Ba4 28.Rxd8+ Bxd8
29.Re1 Kf8 30.Bf4 Bc7 31.Bg5 f6 32.Ra1 Bb5 33.Be3 Be5 34.Ra7 Bxc6 35.Bxc6 Rxc6
36.b3 Rc7 37.Ra6 Rb7 38.Kf1 Ke8 39.Ke2 Kd7 40.Kd3 Kc6 41.Kc4 Bd6 42.h4 Re7
43.Kd3 Kb5 44.Ra8 Rd7 45.Kc2 Be5 46.h5 h6 47.f4 Bd4 48.Bxd4 cxd4 49.Kd3 Kb4
50.g4 b5 51.Rb8 f5 52.g5 Re7 53.g6 Re4 54.Rb7 Rxf4 55.Rxg7 Rh4 56.Rb7 Rxh5
57.g7 Rg5 58.Kxd4 f4 59.Ke4 Rg4 60.Kf5 h5 61.Re7 Kxb3 62.Kf6 Kc2 63.Rb7 f3  1/2-1/2

[Event "Solingen"]
[Site "Solingen"]
[Date "1986.??.??"]
[Round "?"]
[White "Brunner, Lucas"]
[Black "Huebner, Robert"]
[Result "1/2-1/2"]
[WhiteElo "2395"]
[BlackElo "2620"]

1.Nf3 Nf6 2.c4 c6 3.d4 d5 4.Nc3 dxc4 5.a4 Bf5 6.Ne5 e6 7.f3 Bb4 8.Nxc4 O-O
9.Bg5 h6 10.Bh4 c5 11.dxc5 Qxd1+ 12.Rxd1 Bc2 13.Rc1 Bxa4 14.Bxf6 gxf6 15.Ra1 Bb3
16.Nb6 Nc6 17.Nxa8 Rxa8 18.e3 Bxc5 19.Be2 Bxe3 20.Bd1 Bc4 21.Be2 Bb3 22.Bd1 Bc4
23.Be2  1/2-1/2